000 00534nam a2200205 i 4500
001 134555
003 ES-MaACL
005 20230906194711.0
007 t|
008 070911s1956 sp ||||1| spa d
100 1 _aWebster, Jean.
_9116272
245 1 0 _aQuerido enemigo /
_cpor Jean Webster.
250 _a[1ยช ed.].
260 _aBarcelona :
_bJuventud,
_c[1956]
300 _a176 p. ;
_c22 cm.
490 1 _aMujercitas
830 0 _aMujercitas
_9186977
852 _aES-MaACL
_jC-11296
_bR.38705
999 _c134555
_d134555